Max's chocolate chicken / (Record no. 2233)

MARC details
000 -LEADER
fixed length control field 00836pam a2200277 a 4500
005 - DATE AND TIME OF LATEST TRANSACTION
control field 20231113105725.0
020 ## - INTERNATIONAL STANDARD BOOK NUMBER
International Standard Book Number 0803705867
020 ## - INTERNATIONAL STANDARD BOOK NUMBER
International Standard Book Number 0803705859
040 ## - CATALOGING SOURCE
Original cataloging agency DLC
Transcribing agency DLC
Modifying agency DLC
Language of cataloging eng
050 00 - LIBRARY OF CONGRESS CALL NUMBER
Classification number PZ7.W46843
Item number Masfp 1989
082 00 - DEWEY DECIMAL CLASSIFICATION NUMBER
Classification number 808.068
Edition number 19
100 1# - MAIN ENTRY--PERSONAL NAME
Personal name Wells, Rosemary
245 10 - TITLE STATEMENT
Title Max's chocolate chicken /
Statement of responsibility, etc. Rosemary Wells.
260 ## - PUBLICATION, DISTRIBUTION, ETC.
Place of publication, distribution, etc. New York :
Name of publisher, distributor, etc. Scholastic,
Date of publication, distribution, etc. 1989
300 ## - PHYSICAL DESCRIPTION
Extent 24 unnumbered pages :
Other physical details illustrations
Dimensions 19x19 cm
505 ## - FORMATTED CONTENTS NOTE
Formatted contents note H
520 ## - SUMMARY, ETC.
Summary, etc. Max and his sister Ruby go on an egg hunt and vie with each other for the prize--a chocolate chicken.
521 ## - TARGET AUDIENCE NOTE
Target audience note 500
Source Lexile
521 ## - TARGET AUDIENCE NOTE
Target audience note H
Source Raz-Plus
650 #1 - SUBJECT ADDED ENTRY--TOPICAL TERM
Topical term or geographic name entry element Rabbits
General subdivision Fiction.
650 #1 - SUBJECT ADDED ENTRY--TOPICAL TERM
Topical term or geographic name entry element Siblings
General subdivision Fiction.
650 #1 - SUBJECT ADDED ENTRY--TOPICAL TERM
Topical term or geographic name entry element Easter
General subdivision Fiction.
906 ## - LOCAL DATA ELEMENT F, LDF (RLIN)
a 7
b cbc
c orignew
d 1
e ocip
f 19
g y-gencatlg
942 ## - ADDED ENTRY ELEMENTS (KOHA)
Source of classification or shelving scheme Dewey Decimal Classification
Koha item type Books
Suppress in OPAC No
999 ## -
-- 2233
-- 2233
Holdings
Withdrawn status Lost status Source of classification or shelving scheme Damaged status Not for loan Collection Home library Current library Shelving location Date acquired Total Checkouts Full call number Barcode Date last seen Date last checked out Price effective from Koha item type
    Dewey Decimal Classification     Juvenile Fiction Footprints International School Library Network Toul Kork Campus Footprints International School Library Network Toul Kork Campus TK Primary Library Room(4th Floor), Bookcase 1&2, Shelves 1-16, Dark Blue Books 11/13/2023 1 WEL 808.068 PZ7.W46843 FISBK057044 04/04/2024 03/28/2024 11/13/2023 Books